| 000 -NÁVESTIE |
| fixed length control field |
01852cam a2200553 4500 |
| 001 - EVIDENČNÉ ČÍSLO ZÁZNAMU - Kontrolné číslo |
| control field |
vtls011834190 |
| 005 - DÁTUM A ČAS POSLEDNEJ TRANSAKCIE |
| control field |
20220427111128.0 |
| 008 - ÚDAJE S PEVNOU DĹŽKOU – VŠEOBECNÉ INFORMÁCIE |
| fixed length control field |
190115s2018 xo o grn 010 0dslo |
| 020 ## - MEDZINÁRODNÉ ŠTANDARDNÉ ČÍSLO KNIHY (ISBN) |
| Medzinárodné štandardné číslo knihy (ISBN) |
9788097276928 |
| Qualifying information |
(brožované) |
| 040 ## - ZDROJ KATALOGIZÁCIE |
| Pôvodná katalogizujúca agentúra |
MIZKGZ |
| Jazyk katalogizácie |
slo |
| Prepisujúca agentúra |
MIZKGZ |
| Modifikujúca agentúra |
SNK |
| Konvencie popisu |
rda |
| 041 0# - KÓD JAZYKA |
| Kód jazyka textu/zvukovej stopy alebo samostatných nápisov |
slo |
| 044 ## - KÓD KRAJINY VYDAVATEĽA/PRODUCENTA |
| Kód krajiny MARC |
xo |
| Kód krajiny ISO |
SK |
| 072 #7 - KÓD PREDMETOVEJ KATEGÓRIE |
| Kód predmetovej kategórie |
316.4/.7 |
| Pododdiel kódu predmetovej kategórie |
Sociálne interakcie |
| Zdroj |
konspekt |
| 080 ## - ČÍSLO MEDZINÁRODNÉHO DESATINNÉHO TRIEDENIA (MDT) |
| Číslo Medzinárodného desatinného triedenia (MDT) |
316.472.4 |
| Identifikátor vydania |
2011 |
| 080 ## - ČÍSLO MEDZINÁRODNÉHO DESATINNÉHO TRIEDENIA (MDT) |
| Číslo Medzinárodného desatinného triedenia (MDT) |
82-96 |
| Identifikátor vydania |
2011 |
| 080 ## - ČÍSLO MEDZINÁRODNÉHO DESATINNÉHO TRIEDENIA (MDT) |
| Číslo Medzinárodného desatinného triedenia (MDT) |
2-186 |
| Identifikátor vydania |
2011 |
| 080 ## - ČÍSLO MEDZINÁRODNÉHO DESATINNÉHO TRIEDENIA (MDT) |
| Číslo Medzinárodného desatinného triedenia (MDT) |
004.738.5:316.472.4 |
| Identifikátor vydania |
2011 |
| 080 ## - ČÍSLO MEDZINÁRODNÉHO DESATINNÉHO TRIEDENIA (MDT) |
| Číslo Medzinárodného desatinného triedenia (MDT) |
17.022.1 |
| Identifikátor vydania |
2011 |
| 080 ## - ČÍSLO MEDZINÁRODNÉHO DESATINNÉHO TRIEDENIA (MDT) |
| Číslo Medzinárodného desatinného triedenia (MDT) |
(0:82-4) |
| Identifikátor vydania |
2011 |
| 100 1# - OSOBNÉ MENÁ – VŠEOBECNÉ INFORMÁCIE |
| Osobné meno |
Hrábek, Tomáš, |
| Dátumy súvisiace s menom |
1990- |
| Kód roly |
aut |
| -- |
pht |
| -- |
2912 |
| 245 10 - NÁZOV |
| Názov |
Smrť na Facebooku |
| Údaj o zodpovednosti atď. |
Tomáš Hrábek |
| 250 ## - ÚDAJ O PORADÍ VYDANIA |
| Údaj o poradí vydania |
Prvé vydanie |
| 264 #1 - VYDAVATEĽSKÉ ÚDAJE, DISTRIBÚCIA ATĎ. - RDA |
| Miesto publikovania, distribúcie atď. |
[Bratislava] |
| Názov vydavateľa, distibútora atď. |
Akamedia |
| Dátum publikovania, distribúcie atď. |
2018 |
| 300 ## - FYZICKÝ POPIS |
| Rozsah |
191 strán |
| Ďalšie fyzické detaily |
fotografie |
| Rozmery |
19 cm |
| 336 ## - TYP OBSAHU |
| Typ obsahu - termín |
text |
| Typ obsahu - kód |
txt |
| Zdroj |
rdacontent |
| 337 ## - TYP MÉDIA |
| Typ média - termín |
bez média |
| Typ média - kód |
n |
| Zdroj |
rdamedia |
| 338 ## - TYP NOSIČA |
| Typ nosiča - termín |
zväzok |
| Typ nosiča - kód |
nc |
| Zdroj |
rdacarrier |
| 490 1# - EDÍCIA |
| Edícia |
Pod lupou |
| Zväzok/sekvenčné označenie |
prvý zväzok |
| 500 ## - VŠEOBECNÁ POZNÁMKA |
| Formátovaná poznámka o obsahu |
Miesto vydania podľa NA ISBN |
| 500 ## - VŠEOBECNÁ POZNÁMKA |
| Formátovaná poznámka o obsahu |
Obsahuje biografické údaje o autorovi na záložke knihy |
| 650 07 - PRIDANÝ VSTUP – PREDMET – TEMATICKÉ HESLO |
| Tematické heslo alebo geografický názov ako vstupný prvok |
sociálne siete |
| Zdroj hesla alebo termínu |
SNKPH |
| -- |
2913 |
| 650 07 - PRIDANÝ VSTUP – PREDMET – TEMATICKÉ HESLO |
| Tematické heslo alebo geografický názov ako vstupný prvok |
Facebook (sociálna sieť) |
| Zdroj hesla alebo termínu |
SNKPH |
| -- |
2914 |
| 650 07 - PRIDANÝ VSTUP – PREDMET – TEMATICKÉ HESLO |
| Tematické heslo alebo geografický názov ako vstupný prvok |
odborná literatúra |
| Zdroj hesla alebo termínu |
SNKPH |
| -- |
2915 |
| 650 07 - PRIDANÝ VSTUP – PREDMET – TEMATICKÉ HESLO |
| Tematické heslo alebo geografický názov ako vstupný prvok |
zosnulí |
| Zdroj hesla alebo termínu |
SNKPH |
| -- |
2916 |
| 650 07 - PRIDANÝ VSTUP – PREDMET – TEMATICKÉ HESLO |
| Tematické heslo alebo geografický názov ako vstupný prvok |
Dead |
| Zdroj hesla alebo termínu |
SNKPHeng |
| -- |
2917 |
| 650 07 - PRIDANÝ VSTUP – PREDMET – TEMATICKÉ HESLO |
| Tematické heslo alebo geografický názov ako vstupný prvok |
Facebook (electronic resource) |
| Zdroj hesla alebo termínu |
SNKPHeng |
| -- |
2918 |
| 650 07 - PRIDANÝ VSTUP – PREDMET – TEMATICKÉ HESLO |
| Tematické heslo alebo geografický názov ako vstupný prvok |
Professional literature |
| Zdroj hesla alebo termínu |
SNKPHeng |
| -- |
2919 |
| 650 07 - PRIDANÝ VSTUP – PREDMET – TEMATICKÉ HESLO |
| Tematické heslo alebo geografický názov ako vstupný prvok |
Social networks |
| Zdroj hesla alebo termínu |
SNKPHeng |
| -- |
2920 |
| 650 07 - PRIDANÝ VSTUP – PREDMET – TEMATICKÉ HESLO |
| Tematické heslo alebo geografický názov ako vstupný prvok |
morálne hodnoty |
| Zdroj hesla alebo termínu |
SNKPH |
| -- |
2921 |
| 650 07 - PRIDANÝ VSTUP – PREDMET – TEMATICKÉ HESLO |
| Tematické heslo alebo geografický názov ako vstupný prvok |
Moral values |
| Zdroj hesla alebo termínu |
SNKPHeng |
| -- |
2922 |
| 655 #7 - INDEXAČNÝ TERMÍN – ŽÁNER/FORMA |
| Údaje o žánri/forme alebo termín, ktorý je prvok fazety |
úvahy |
| Zdroj termínu |
SNKPH |
| -- |
1703 |
| 655 #7 - INDEXAČNÝ TERMÍN – ŽÁNER/FORMA |
| Údaje o žánri/forme alebo termín, ktorý je prvok fazety |
Essays |
| Zdroj termínu |
SNKPHeng |
| -- |
1704 |
| 700 1# - PRIDANÝ VSTUP – OSOBNÉ MENO |
| Osobné meno |
Luprich, Andrej |
| Kód roly |
pht |
| -- |
2923 |
| 700 1# - PRIDANÝ VSTUP – OSOBNÉ MENO |
| Osobné meno |
Červeňanský, Martin |
| Kód roly |
pht |
| -- |
2924 |
| 700 1# - PRIDANÝ VSTUP – OSOBNÉ MENO |
| Osobné meno |
Stringer, Peter |
| Kód roly |
pht |
| -- |
2925 |
| 958 ## - Formálny deskriptor |
| Formálny deskriptor |
NB |
| 958 ## - Formálny deskriptor |
| Formálny deskriptor |
SP |